[Event "McGill op"]
[Site "Montreal CAN"]
[Date "2015.05.02"]
[Round "3"]
[White "Chiku-Ratte, Olivier-Kenta"]
[Black "Leblanc-Legault, Mathieu"]
[Result "1-0"]
[WhiteElo "2133"]
[BlackElo "1656"]
[PlyCount "117"]
[EventDate "2015.05.01"]
[EventType "swiss"]
[EventRounds "5"]
[EventCountry "CAN"]

1. d4 c6 2. c4 d5 3. Nf3 Nf6 4. Nc3 dxc4 5. a4 a5 6. e3 Bf5 7. Bxc4 e6 8. O-O
Bb4 9. Qe2 O-O 10. Rd1 Nbd7 11. h3 h6 12. e4 Bh7 13. Bd3 Qe7 14. Bf4 Rfe8 15.
Bh2 Rac8 16. Ne5 Nxe5 17. Bxe5 Nd7 18. Bg3 e5 19. dxe5 Nxe5 20. Bc2 Rcd8 21. f4
Rxd1+ 22. Rxd1 Bxc3 23. bxc3 Nd7 24. e5 Bxc2 25. Qxc2 Nb6 26. Qb3 Rd8 27. Rxd8+
Qxd8 28. c4 Qd4+ 29. Bf2 Qa1+ 30. Kh2 Nxa4 31. Qxb7 Qf1 32. Qc8+ Kh7 33. Qf5+
Kg8 34. e6 fxe6 35. Qxe6+ Kh8 36. Qe8+ Kh7 37. Qe4+ Kg8 38. Bd4 Qxc4 39. Qe8+
Kh7 40. Qd7 Qg8 41. Qxc6 Qf8 42. Qxa4 Qxf4+ 43. Kh1 Qf1+ 44. Bg1 Qe1 45. Qc2+
Kh8 46. Qc8+ Kh7 47. Qf5+ Kh8 48. Kh2 Qb4 49. Qe5 a4 50. Bc5 Qc4 51. Qd4 Qb3
52. Bf8 Qb8+ 53. Bd6 Qb3 54. Be5 a3 55. Bxg7+ Kh7 56. Be5 Qf7 57. Qd3+ Kg8 58.
Qxa3 Qf5 59. Qg3+ 1-0

[Event "McGill op"]
[Site "Montreal CAN"]
[Date "2015.05.03"]
[Round "4"]
[White "Zhou, David"]
[Black "Chiku-Ratte, Olivier-Kenta"]
[Result "1-0"]
[WhiteElo "1879"]
[BlackElo "2133"]
[PlyCount "91"]
[EventDate "2015.05.01"]
[EventType "swiss"]
[EventRounds "5"]
[EventCountry "CAN"]

1. c4 Nf6 2. g3 c5 3. Bg2 e6 4. Nf3 Be7 5. O-O O-O 6. Nc3 a6 7. e3 Qc7 8. b3 d6
9. Bb2 Nbd7 10. a4 b6 11. a5 bxa5 12. Ne2 Bb7 13. Bc3 Bc6 14. Bxa5 Qb7 15. Ne1
Bxg2 16. Nxg2 Ne5 17. d3 Nf3+ 18. Kh1 Ng4 19. h3 Ngh2 20. Ng1 Nxg1 21. Kxh2
Nf3+ 22. Kh1 Bf6 23. Ra3 Rfb8 24. Qc2 Qc6 25. Bc3 Bxc3 26. Qxc3 Rb4 27. Rd1 f5
28. d4 Ng5 29. d5 exd5 30. Rxd5 Ne4 31. Qc2 g6 32. Kh2 Rab8 33. Nf4 Nf6 34. Rd1
a5 35. Nd5 Nxd5 36. Rxd5 a4 37. Rxa4 Rxb3 38. Ra7 Qb6 39. Rd7 Qb4 40. Rd2 Rc3
41. Qa2 Ra3 42. Qc2 Rc3 43. Qd1 Qxc4 44. Qa1 Qe6 45. Qa7 Rcb3 46. R2xd6 1-0

[Event "McGill op"]
[Site "Montreal CAN"]
[Date "2015.05.08"]
[Round "5"]
[White "Chiku-Ratte, Olivier-Kenta"]
[Black "Jacquet, Stephane"]
[Result "1/2-1/2"]
[WhiteElo "2133"]
[BlackElo "2003"]
[PlyCount "112"]
[EventDate "2015.05.01"]
[EventType "swiss"]
[EventRounds "5"]
[EventCountry "CAN"]

1. d4 d5 2. c4 dxc4 3. Nf3 Nf6 4. e3 e6 5. Bxc4 c5 6. O-O a6 7. Bb3 Nc6 8. Qe2
cxd4 9. Rd1 Be7 10. exd4 O-O 11. Nc3 Nb4 12. Bg5 Re8 13. Ne5 Bd7 14. Rac1 Rc8
15. Qf3 Bc6 16. Qh3 Bd5 17. Bxd5 Nbxd5 18. Rd3 Qb6 19. Re1 Nxc3 20. bxc3 Nd5
21. Bh6 g6 22. Bd2 Bf6 23. Nxf7 Rc7 24. Nh6+ Kh8 25. Qf3 Rf8 26. Qe4 Re7 27.
Ng4 Bg7 28. c4 Nf6 29. Nxf6 Bxf6 30. Rf3 Qb2 31. Bg5 Kg7 32. Bxf6+ Rxf6 33. Qe5
Ref7 34. h4 h5 35. Re4 Kh6 36. Kh2 Rxf3 37. Re2 Qc1 38. gxf3 Qf4+ 39. Qxf4+
Rxf4 40. Rd2 Rxh4+ 41. Kg3 g5 42. d5 Rxc4 43. d6 h4+ 44. Kh3 Rc8 45. Re2 Kg6
46. Rxe6+ Kf5 47. Re7 Rd8 48. Rf7+ Kg6 49. Rxb7 Rxd6 50. Kg2 Kf5 51. Rf7+ Rf6
52. Rc7 Kf4 53. Rc4+ Kf5 54. Rc5+ Kg6 55. a4 Rf5 56. Rc6+ Rf6 1/2-1/2

[Event "Quebec-ch U20"]
[Site "Montreal CAN"]
[Date "2015.04.18"]
[Round "2"]
[White "Chiku-Ratte, Olivier-Kenta"]
[Black "Fan, Run Kun"]
[Result "1/2-1/2"]
[WhiteElo "2310"]
[BlackElo "2008"]
[PlyCount "180"]
[EventDate "2015.04.17"]
[EventType "swiss"]
[EventRounds "5"]
[EventCountry "CAN"]

1. d4 d5 2. c4 c6 3. Nf3 Nf6 4. Nc3 e6 5. e3 Nbd7 6. Bd3 dxc4 7. Bxc4 b5 8. Bd3
a6 9. e4 c5 10. e5 cxd4 11. Ne4 Nd5 12. O-O h6 13. a4 Rb8 14. axb5 axb5 15. Qb3
Qb6 16. Bd2 Nc5 17. Nxc5 Bxc5 18. Ba5 Qb7 19. Rfc1 Be7 20. Nxd4 Bd7 21. Be4 O-O
22. Rc7 Nxc7 23. Bxb7 Rxb7 24. Bb4 Bxb4 25. Qxb4 Nd5 26. Qd6 Rc8 27. h3 b4 28.
Nf5 exf5 29. Qxd5 Rbc7 30. Ra6 Rb8 31. Rd6 Rb5 32. Qa8+ Kh7 33. Qd8 Rc1+ 34.
Kh2 Be6 35. f4 Rb7 36. Rd2 b3 37. Qd3 Rbc7 38. g4 R1c2 39. Kg3 Rd7 40. Qxd7
Bxd7 41. Rxd7 fxg4 42. hxg4 Kg8 43. Rd8+ Kh7 44. Rf8 Rxb2 45. Rxf7 Rb1 46. Rb7
b2 47. Kg2 Kg8 48. Rb3 Kf7 49. f5 Ke7 50. Rb7+ Ke8 51. Kh2 Kf8 52. Kg2 Ke8 53.
e6 Kf8 54. Rb8+ Ke7 55. Kh2 h5 56. Rb7+ Ke8 57. g5 Rf1 58. Rb8+ Ke7 59. Rb7+
Ke8 60. Rb8+ Ke7 61. Rb7+ Kf8 62. Rb8+ Ke7 63. Rb7+ Ke8 64. Rxb2 Rxf5 65. Rb8+
Ke7 66. Rb7+ Kxe6 67. Rxg7 h4 68. Kh3 Rf4 69. g6 Ra4 70. Rf7 Rb4 71. Rf1 Ke7
72. Rf7+ Ke8 73. Rf6 Ke7 74. Rf7+ Ke8 75. Rh7 Kf8 76. Rf7+ Kg8 77. Rh7 Rb8 78.
Kxh4 Ra8 79. Rb7 Rc8 80. Kg4 Ra8 81. Kf5 Rc8 82. Kf6 Rc6+ 83. Kg5 Rc8 84. Kh6
Ra8 85. Rb1 Rc8 86. Rb7 Ra8 87. Rd7 Rc8 88. Rd6 Ra8 89. g7 Rc8 90. Kg6 Ra8
1/2-1/2

[Event "Quebec-ch U20"]
[Site "Montreal CAN"]
[Date "2015.04.18"]
[Round "3"]
[White "Huang, Qiuyu"]
[Black "Chiku-Ratte, Olivier-Kenta"]
[Result "0-1"]
[WhiteElo "1746"]
[BlackElo "2310"]
[PlyCount "122"]
[EventDate "2015.04.17"]
[EventType "swiss"]
[EventRounds "5"]
[EventCountry "CAN"]

1. e4 c5 2. Nf3 e6 3. d4 cxd4 4. Nxd4 a6 5. Bd3 Bc5 6. c3 Ne7 7. O-O d6 8. Nd2
O-O 9. Kh1 b5 10. N2b3 Bb6 11. f4 Bb7 12. f5 e5 13. Nf3 f6 14. Qe2 Nd7 15. c4
b4 16. Be3 Nc5 17. Bxc5 Bxc5 18. Rad1 Qb6 19. Bb1 a5 20. Nxc5 dxc5 21. Rd7 Nc6
22. Qf2 Rad8 23. Rfd1 Nd4 24. Rxd8 Rxd8 25. Nxd4 exd4 26. Qf4 Re8 27. b3 a4 28.
Re1 Re5 29. Bd3 Qa7 30. Qc1 axb3 31. axb3 Re8 32. h3 Qa2 33. Qc2 Ra8 34. Re2
Qxc2 35. Bxc2 Ra2 36. Kh2 Kf7 37. Kg3 Bxe4 38. Rxe4 Rxc2 39. Re6 Rc3+ 40. Kf2
Rxb3 41. Rc6 Re3 42. Rxc5 Re5 43. Rc7+ Re7 44. Rc5 Rb7 45. Ra5 b3 46. Ra1 b2
47. Rb1 Ke7 48. Ke2 Kd6 49. Kd2 Kc5 50. Kd3 Rb3+ 51. Kc2 Kxc4 52. h4 h5 53. g3
Rxg3 54. Re1 Rg2+ 55. Kb1 Kc3 56. Rf1 d3 57. Rh1 Rc2 58. Rg1 Rc1+ 59. Rxc1+
bxc1=Q+ 60. Kxc1 Kd4 61. Kd2 Ke4 0-1

[Event "Mauricie op"]
[Site "Trois-Rivieres CAN"]
[Date "2015.03.21"]
[Round "3"]
[White "Bolduc, Steve"]
[Black "Chiku-Ratte, Olivier-Kenta"]
[Result "1/2-1/2"]
[WhiteElo "2289"]
[BlackElo "2278"]
[PlyCount "91"]
[EventDate "2015.03.20"]
[EventType "swiss"]
[EventRounds "5"]
[EventCountry "CAN"]

1. d4 Nf6 2. Nf3 c5 3. d5 e6 4. Nc3 exd5 5. Nxd5 Nxd5 6. Qxd5 Nc6 7. e4 d6 8.
Ng5 Qc7 9. Bc4 Ne5 10. Bb5+ Bd7 11. Bxd7+ Qxd7 12. Bf4 Nc6 13. c3 h6 14. Nf3
Qe6 15. O-O-O O-O-O 16. Rd2 g5 17. Bg3 Be7 18. h4 Rhg8 19. Rhd1 gxh4 20. Nxh4
Bg5 21. f4 Be7 22. Nf5 Rg6 23. Qxe6+ Rxe6 24. Nxe7+ Nxe7 25. e5 Rg8 26. Bf2
dxe5 27. Bxc5 Nc6 28. Rd7 Rf6 29. fxe5 Nxe5 30. R7d2 Nc6 31. Bd6 Rg4 32. Rh1
Re4 33. Rh5 Re1+ 34. Kc2 Ref1 35. g3 R1f5 36. Rh4 h5 37. b4 b5 38. c4 Rf2 39.
Rxf2 Rxf2+ 40. Kd3 bxc4+ 41. Kxc4 Kd7 42. Bf4 Rxa2 43. Rxh5 Rc2+ 44. Kb5 a6+
45. Kxa6 Nxb4+ 46. Kb5 1/2-1/2

[Event "Gatineau op"]
[Site "Gatineau CAN"]
[Date "2015.03.06"]
[Round "1"]
[White "Yao, Sammy"]
[Black "Chiku-Ratte, Olivier-Kenta"]
[Result "1-0"]
[WhiteElo "2084"]
[BlackElo "2327"]
[PlyCount "63"]
[EventDate "2015.03.06"]
[EventType "swiss"]
[EventRounds "5"]
[EventCountry "CAN"]

1. e4 c5 2. Nf3 e6 3. d4 cxd4 4. Nxd4 a6 5. Bd3 Bc5 6. Nb3 Ba7 7. O-O Ne7 8. a4
O-O 9. Nc3 Nbc6 10. Kh1 d6 11. f4 f5 12. Qe2 fxe4 13. Nxe4 h6 14. Bd2 Nf5 15.
g4 Nfd4 16. Nxd4 Nxd4 17. Qg2 d5 18. Nf2 Qh4 19. Rae1 Bd7 20. Re5 g5 21. f5
exf5 22. c3 Nc6 23. Rxd5 Rad8 24. Bc4 Kg7 25. Nd3 Ne7 26. Rxd7 Rxd7 27. Ne5
Rxd2 28. Qxd2 Bb6 29. Qd7 Bd8 30. Qxb7 fxg4 31. Rxf8 Kxf8 32. Ng6+ 1-0

[Event "Gatineau op"]
[Site "Gatineau CAN"]
[Date "2015.03.07"]
[Round "2"]
[White "Chiku-Ratte, Olivier-Kenta"]
[Black "Forget, David"]
[Result "1-0"]
[WhiteElo "2327"]
[BlackElo "1938"]
[PlyCount "65"]
[EventDate "2015.03.06"]
[EventType "swiss"]
[EventRounds "5"]
[EventCountry "CAN"]

1. d4 d5 2. c4 e6 3. Nc3 Nf6 4. cxd5 exd5 5. Bg5 Be7 6. e3 c6 7. Qc2 Nbd7 8.
Bd3 O-O 9. Nge2 h6 10. Bh4 Re8 11. O-O Ne4 12. Bxe7 Qxe7 13. Rae1 Ndf6 14. f3
Nxc3 15. Nxc3 Bd7 16. e4 dxe4 17. fxe4 Qd6 18. Ne2 Qe6 19. Nf4 Qd6 20. Ne2 Qc7
21. e5 Nd5 22. Bh7+ Kf8 23. Qc5+ Re7 24. Bg6 Ke8 25. Rxf7 Rxf7 26. Rf1 Be6 27.
Bxf7+ Bxf7 28. e6 Bxe6 29. Qf8+ Kd7 30. Qxa8 Ne7 31. Qf8 Bc4 32. Re1 Qa5 33.
Nc3 1-0

[Event "Gatineau op"]
[Site "Gatineau CAN"]
[Date "2015.03.07"]
[Round "3"]
[White "Valdizon, Armando"]
[Black "Chiku-Ratte, Olivier-Kenta"]
[Result "1-0"]
[WhiteElo "2226"]
[BlackElo "2327"]
[PlyCount "135"]
[EventDate "2015.03.06"]
[EventType "swiss"]
[EventRounds "5"]
[EventCountry "CAN"]

1. d4 Nf6 2. c4 c5 3. Nf3 cxd4 4. Nxd4 e6 5. Nc3 a6 6. g3 Qc7 7. Qd3 Be7 8. Bg2
O-O 9. O-O d6 10. b3 Nc6 11. Bb2 Bd7 12. Rac1 Qa5 13. Rfd1 Rab8 14. Nxc6 Bxc6
15. Bxc6 bxc6 16. Na4 Rfd8 17. Bc3 Qh5 18. Bxf6 Bxf6 19. c5 dxc5 20. Qxa6 h6
21. Qc4 Bd4 22. Qc2 c4 23. bxc4 Qa5 24. e3 Bf6 25. c5 Rxd1+ 26. Qxd1 Rb4 27.
Nc3 Rc4 28. Ne2 Qxa2 29. Nd4 Rxc1 30. Qxc1 Qa4 31. Qc3 e5 32. Nb3 Qb5 33. Qc2
g6 34. e4 h5 35. h4 Qb4 36. Kg2 Kg7 37. f3 Qe1 38. Nc1 Qe3 39. Nd3 Qd4 40. Nc1
g5 41. Nb3 Qe3 42. hxg5 Bxg5 43. Na5 h4 44. Nxc6 h3+ 45. Kxh3 Qxf3 46. Nxe5
Qh1+ 47. Kg4 Bf6 48. Nd7 Bd8 49. c6 Bc7 50. Qc3+ Kg8 51. Nf6+ Kf8 52. Qc5+ Kg7
53. Qg5+ Kf8 54. Nd7+ Ke8 55. Nf6+ Kf8 56. Qg8+ Ke7 57. Nd5+ Kd6 58. Qf8+ Kxc6
59. Qe8+ Kb7 60. Qe7 Qd1+ 61. Kg5 Qd2+ 62. Kf6 Qf2+ 63. Kg7 Qxg3+ 64. Kf8 f5
65. exf5 Kc6 66. Qxc7+ Qxc7 67. Nxc7 Kxc7 68. Ke7 1-0

[Event "Gatineau op"]
[Site "Gatineau CAN"]
[Date "2015.03.08"]
[Round "4"]
[White "Chiku-Ratte, Olivier-Kenta"]
[Black "Kuriliw, Ray"]
[Result "1-0"]
[WhiteElo "2327"]
[BlackElo "1979"]
[PlyCount "103"]
[EventDate "2015.03.06"]
[EventType "swiss"]
[EventRounds "5"]
[EventCountry "CAN"]

1. d4 d5 2. c4 c6 3. Nf3 Nf6 4. Nc3 a6 5. c5 Bf5 6. Qb3 Qc7 7. Bf4 Qc8 8. h3
Nbd7 9. e3 e6 10. Be2 Be7 11. O-O h6 12. Na4 Bd8 13. Ne5 O-O 14. g4 Bh7 15. Bh2
Nxe5 16. dxe5 Nd7 17. f4 Bc7 18. Bd3 Bxd3 19. Qxd3 Qd8 20. e4 Qe7 21. Rac1 Rac8
22. exd5 exd5 23. Rfe1 Rfe8 24. Qd4 Qd8 25. Re2 b5 26. cxb6 Bxb6 27. Nxb6 Qxb6
28. Qxb6 Nxb6 29. Rec2 d4 30. Rxc6 d3 31. Rxc8 Nxc8 32. Kf2 Nb6 33. Ke1 Rd8 34.
Kd2 Nd5 35. Re1 Rc8 36. Kxd3 Nb4+ 37. Ke4 Rc4+ 38. Ke3 Nxa2 39. Kd3 Rc6 40. f5
Nb4+ 41. Ke4 Rc2 42. Bg1 Rxb2 43. e6 fxe6 44. fxe6 Kf8 45. Bc5+ Ke8 46. Rf1
Re2+ 47. Kf3 Rb2 48. Kg3 Rb3+ 49. Kh4 Kd8 50. Rf8+ Kc7 51. e7 Nc6 52. e8=Q 1-0

[Event "Gatineau op"]
[Site "Gatineau CAN"]
[Date "2015.03.08"]
[Round "5"]
[White "Cova, Ramon"]
[Black "Chiku-Ratte, Olivier-Kenta"]
[Result "1/2-1/2"]
[WhiteElo "2084"]
[BlackElo "2327"]
[PlyCount "81"]
[EventDate "2015.03.06"]
[EventType "swiss"]
[EventRounds "5"]
[EventCountry "CAN"]

1. d4 Nf6 2. Nf3 c5 3. e3 b6 4. b3 Bb7 5. Bb2 e6 6. Nbd2 Be7 7. Bd3 O-O 8. Qe2
d6 9. O-O a6 10. dxc5 bxc5 11. Rad1 Nc6 12. a3 Qc7 13. Ne4 Nd7 14. Rfe1 d5 15.
Ng3 Na5 16. Nd2 Bf6 17. Bxf6 Nxf6 18. e4 Rfc8 19. exd5 Nxd5 20. Qh5 h6 21. Qe5
Qxe5 22. Rxe5 Nc6 23. Ree1 Nc3 24. Ra1 Nd4 25. Nge4 Bxe4 26. Nxe4 Nxe4 27. Rxe4
Rd8 28. Re3 Rd6 29. Rc1 Rad8 30. Bf1 a5 31. g3 g5 32. Kg2 Kg7 33. h3 f6 34. Rc3
Rd5 35. Re1 f5 36. Bc4 R5d6 37. Re5 Rc8 38. Bd3 Rd5 39. Re1 Rcd8 40. Bc4 R5d6
41. Bf1 1/2-1/2

[Event "Carnaval"]
[Site "Quebec CAN"]
[Date "2015.02.21"]
[Round "2"]
[White "Drolet, Stephane"]
[Black "Chiku-Ratte, Olivier-Kenta"]
[Result "1/2-1/2"]
[WhiteElo "2159"]
[BlackElo "2328"]
[PlyCount "62"]
[EventDate "2015.02.20"]
[EventType "swiss"]
[EventRounds "5"]
[EventCountry "CAN"]

1. Nf3 c5 2. b3 Nf6 3. Bb2 e6 4. e3 b6 5. d4 Bb7 6. Nbd2 Be7 7. Bd3 O-O 8. O-O
d6 9. Qe2 Nbd7 10. Rad1 Re8 11. c4 Qc7 12. Ng5 Rac8 13. f4 cxd4 14. exd4 Bf8
15. Rc1 g6 16. Nde4 Bg7 17. b4 e5 18. fxe5 dxe5 19. Nxf6+ Bxf6 20. Rxf6 Nxf6
21. dxe5 Nd7 22. e6 fxe6 23. Nxh7 e5 24. Bxg6 Re7 25. Qg4 Rg7 26. Qe6+ Kh8 27.
Ng5 Nf8 28. Nf7+ Kg8 29. Nh6+ Kh8 30. Nf7+ Kg8 31. Nh6+ Kh8 1/2-1/2

[Event "Carnaval"]
[Site "Quebec CAN"]
[Date "2015.02.21"]
[Round "3"]
[White "Chiku-Ratte, Olivier-Kenta"]
[Black "Hamilton, Robert"]
[Result "1/2-1/2"]
[WhiteElo "2328"]
[BlackElo "2241"]
[PlyCount "159"]
[EventDate "2015.02.20"]
[EventType "swiss"]
[EventRounds "5"]
[EventCountry "CAN"]

1. d4 d5 2. c4 dxc4 3. Nf3 Nf6 4. e3 e6 5. Bxc4 c5 6. O-O a6 7. Bb3 b5 8. a4
Bb7 9. Qe2 b4 10. Rd1 Nbd7 11. a5 Be7 12. Nbd2 O-O 13. Nc4 Qc7 14. Nfe5 Rfd8
15. Bd2 cxd4 16. exd4 Bd5 17. f4 Qb7 18. Be3 Rac8 19. Ba4 Nxe5 20. Nxe5 b3 21.
Rac1 Qb4 22. Bc6 Qxa5 23. Ra1 Qc7 24. Rxa6 Bxc6 25. Nxc6 Re8 26. Rc1 Bf8 27.
Qb5 Nd5 28. Qxb3 Nxf4 29. Qc4 Nd5 30. Bd2 Qb7 31. b4 Bxb4 32. Rb1 Qxa6 33. Qxa6
Bxd2 34. Rb2 Be3+ 35. Kf1 Ra8 36. Qb7 h6 37. Ke2 Rac8 38. Qd7 Rf8 39. Rb7 Bf4
40. g3 Rc7 41. Rxc7 Bxc7 42. Ne7+ Nxe7 43. Qxe7 Bd8 44. Qb7 Bf6 45. d5 exd5 46.
Qxd5 g6 47. Qd6 Kg7 48. Kf3 Rd8 49. Qb4 h5 50. Kf2 Rd4 51. Qa5 Rg4 52. Qa2 Rb4
53. Qd5 h4 54. gxh4 Rxh4 55. Kg2 Rh5 56. Qc6 Be5 57. h3 Rf5 58. Qc1 Bf6 59. Qc7
Be5 60. Qc1 Bf6 61. Qc7 Rb5 62. Qd7 Rb2+ 63. Kf3 Rb3+ 64. Kg2 g5 65. Qc8 Rb4
66. Qd7 Rf4 67. Qc8 Bd4 68. Kg3 Bf2+ 69. Kg2 Bd4 70. Kg3 Bf6 71. Qd7 Rc4 72.
Qf5 Rc3+ 73. Kg2 Rb3 74. Qc8 Rb5 75. Qd7 Re5 76. Qc8 Be7 77. Qc7 f6 78. Kf3 Kg6
79. Qc8 Kg7 80. Qd7 1/2-1/2

[Event "Carnaval"]
[Site "Quebec CAN"]
[Date "2015.02.22"]
[Round "4"]
[White "Tremblay, Rejean"]
[Black "Chiku-Ratte, Olivier-Kenta"]
[Result "0-1"]
[WhiteElo "2230"]
[BlackElo "2328"]
[PlyCount "62"]
[EventDate "2015.02.20"]
[EventType "swiss"]
[EventRounds "5"]
[EventCountry "CAN"]

1. d4 Nf6 2. Nf3 c5 3. d5 e6 4. Nc3 exd5 5. Nxd5 Nxd5 6. Qxd5 Nc6 7. c3 d6 8.
Ng5 Qf6 9. Nxh7 Rxh7 10. Qe4+ Ne5 11. Qxh7 Bf5 12. Qh5 Be7 13. f4 Ng4 14. Qh8+
Bf8 15. h3 Nh6 16. g4 Qh4+ 17. Kd1 Be4 18. g5 Bxh1 19. gxh6 gxh6 20. Be3 Be4
21. Qg8 Bg6 22. f5 Bxf5 23. Bg2 Bg6 24. Bxb7 Rb8 25. Bc6+ Ke7 26. b3 Qf6 27.
Rc1 Rd8 28. Kd2 Bg7 29. Qxd8+ Kxd8 30. a4 Qe6 31. c4 Qxh3 0-1

[Event "Carnaval"]
[Site "Quebec CAN"]
[Date "2015.02.22"]
[Round "5"]
[White "Chiku-Ratte, Olivier-Kenta"]
[Black "Sambuev, Bator"]
[Result "0-1"]
[WhiteElo "2328"]
[BlackElo "2572"]
[PlyCount "82"]
[EventDate "2015.02.20"]
[EventType "swiss"]
[EventRounds "5"]
[EventCountry "CAN"]

1. d4 d5 2. c4 e6 3. Nf3 c6 4. e3 Bd6 5. Bd3 f5 6. O-O Nf6 7. b3 Qe7 8. Bb2 O-O
9. Qc1 dxc4 10. bxc4 c5 11. Nbd2 Nc6 12. Re1 e5 13. dxe5 Nxe5 14. Nxe5 Bxe5 15.
Bxe5 Qxe5 16. Nf3 Qe7 17. Qc2 Ne4 18. Nd2 Nxd2 19. Qxd2 Be6 20. Qc3 Qf6 21. Qb3
Rf7 22. a4 Rd8 23. a5 Qe5 24. g3 Rfd7 25. Bf1 Qe4 26. Qb5 Rc7 27. Rad1 Rdd7 28.
Rd2 f4 29. Rdd1 fxg3 30. hxg3 h5 31. Bd3 Qg4 32. Be2 Qg6 33. Rxd7 Bxd7 34. Qb2
Qf5 35. Rd1 Bc6 36. Rd8+ Kf7 37. Rh8 Qe4 38. Bxh5+ g6 39. Rh7+ Ke6 40. Bg4+
Qxg4 41. Rxc7 Qd1+ 0-1

[Event "Quebec-ch U16"]
[Site "Montreal CAN"]
[Date "2015.01.16"]
[Round "1"]
[White "Shi, Ling Yun"]
[Black "Chiku-Ratte, Olivier-Kenta"]
[Result "0-1"]
[WhiteElo "1720"]
[BlackElo "2337"]
[PlyCount "124"]
[EventDate "2015.01.16"]
[EventType "swiss"]
[EventRounds "5"]
[EventCountry "CAN"]

1. e4 c5 2. Nf3 e6 3. d4 cxd4 4. Nxd4 a6 5. Nc3 Qc7 6. Bd3 Nf6 7. O-O Be7 8.
Kh1 d6 9. f4 Nc6 10. Nxc6 bxc6 11. b3 O-O 12. Bb2 d5 13. e5 Nd7 14. Na4 c5 15.
Qe2 f5 16. exf6 Nxf6 17. f5 exf5 18. Bxf5 Bxf5 19. Rxf5 Rae8 20. Qe6+ Kh8 21.
Be5 Qb7 22. Qb6 Qxb6 23. Nxb6 Bd8 24. Na4 g6 25. Rxf6 Bxf6 26. Bxf6+ Rxf6 27.
Nxc5 Re2 28. Nd3 Rxc2 29. Kg1 Rd2 30. Ne1 Rff2 31. a4 Ra2 32. Rd1 Rfd2 33. Rxd2
Rxd2 34. Nf3 Rd3 35. b4 Rb3 36. b5 axb5 37. axb5 Rxb5 38. Kf2 Kg7 39. g3 Kf6
40. Ke3 Rb3+ 41. Ke2 Rxf3 42. Kxf3 Ke5 43. Ke3 d4+ 44. Kd3 Kd5 45. h3 g5 46. h4
g4 47. Kd2 Ke4 48. Ke2 d3+ 49. Kd2 h5 50. Kd1 Kf3 51. Kd2 Kxg3 52. Kxd3 Kxh4
53. Ke2 Kh3 54. Kf2 g3+ 55. Kg1 Kg4 56. Kh1 h4 57. Kg1 h3 58. Kh1 Kf3 59. Kg1
g2 60. Kh2 Kf2 61. Kxh3 g1=Q 62. Kh4 Qg6 0-1

[Event "Quebec-ch U16"]
[Site "Montreal CAN"]
[Date "2015.01.18"]
[Round "4"]
[White "Li, Yi Lin"]
[Black "Chiku-Ratte, Olivier-Kenta"]
[Result "0-1"]
[WhiteElo "1884"]
[BlackElo "2337"]
[PlyCount "54"]
[EventDate "2015.01.16"]
[EventType "swiss"]
[EventRounds "5"]
[EventCountry "CAN"]

1. e4 c5 2. Nf3 e6 3. d4 cxd4 4. Nxd4 a6 5. Nc3 Qc7 6. Be2 Bb4 7. Bd2 Nf6 8.
Bd3 d5 9. Qe2 Nc6 10. Nxc6 bxc6 11. a3 Bd6 12. exd5 cxd5 13. Bg5 Be5 14. Bxf6
gxf6 15. Nxd5 exd5 16. f4 Be6 17. fxe5 fxe5 18. O-O-O e4 19. Bxa6 O-O 20. g3
Qe5 21. Rd2 e3 22. Rdd1 Rfb8 23. c3 Bf5 24. Rd4 Rxa6 25. Qxa6 e2 26. Re1 Qe3+
27. Rd2 Qxc3+ 0-1

[Event "Quebec-ch U16"]
[Site "Montreal CAN"]
[Date "2015.01.18"]
[Round "5"]
[White "Yu, Zong Yang"]
[Black "Chiku-Ratte, Olivier-Kenta"]
[Result "1/2-1/2"]
[WhiteElo "2357"]
[BlackElo "2331"]
[PlyCount "172"]
[EventDate "2015.01.16"]
[EventType "swiss"]
[EventRounds "5"]
[EventCountry "CAN"]

1. d4 Nf6 2. c4 c5 3. Nf3 cxd4 4. Nxd4 e5 5. Nc2 d5 6. cxd5 Qxd5 7. Qxd5 Nxd5
8. g3 Nc6 9. Bg2 Be6 10. O-O Bc5 11. Bd2 O-O-O 12. Rc1 Kb8 13. Nc3 Nb6 14. Be3
Nd4 15. Bxd4 Bxd4 16. Nxd4 Rxd4 17. Kf1 Nc4 18. Ke1 f5 19. Nb5 Rd7 20. b3 Nb6
21. Rc5 e4 22. Re5 Re8 23. e3 Nd5 24. a3 Nc7 25. Nd4 g6 26. Rc1 Bf7 27. Rxe8+
Nxe8 28. h3 Nc7 29. Rd1 Bd5 30. Bf1 a5 31. Be2 h5 32. h4 Ka7 33. Rd2 Kb6 34.
Kd1 Ne6 35. Kc2 Rc7+ 36. Kb2 Nxd4 37. Rxd4 Kc5 38. Rd2 Be6 39. Rc2+ Kd6 40.
Rxc7 Kxc7 41. Bb5 Bf7 42. Kc3 Kd6 43. Kd4 b6 44. b4 axb4 45. axb4 Bb3 46. Be8
Bd1 47. Bxg6 Bg4 48. Bf7 Be2 49. Be8 Bf3 50. Bb5 Bd1 51. Bf1 Bf3 52. Bh3 Ke6
53. Kc3 Be2 54. Kd2 Bg4 55. Bf1 Kd5 56. Kc3 Bf3 57. Bc4+ Ke5 58. Kb2 Kd6 59.
Ka3 Bd1 60. Bf7 Ke5 61. Bg6 Kf6 62. Be8 Ke5 63. Bd7 Kf6 64. Ba4 Be2 65. Bb3 Ke5
66. Ka4 Kd6 67. Bf7 Kc6 68. Be8+ Kc7 69. Bg6 Bd1+ 70. Ka3 Bg4 71. Kb3 Kd6 72.
Kc4 Be2+ 73. Kd4 Bg4 74. Bf7 Be2 75. Bd5 Bf3 76. Bc4 Bg4 77. Bf1 Bf3 78. Bh3
Ke6 79. Kc4 Be2+ 80. Kb3 Bd1+ 81. Ka3 Ke5 82. Kb2 Bg4 83. Bf1 Kd5 84. Kc3 Bd1
85. Bb5 Ke5 86. Ba6 Kd5 1/2-1/2

[Event "Pere Noel"]
[Site "Montreal CAN"]
[Date "2014.12.26"]
[Round "1"]
[White "Dumouchel, Alain"]
[Black "Chiku-Ratte, Olivier-Kenta"]
[Result "0-1"]
[WhiteElo "1903"]
[BlackElo "2301"]
[PlyCount "58"]
[EventDate "2014.12.26"]
[EventType "swiss"]
[EventRounds "5"]
[EventCountry "CAN"]

1. e4 c5 2. Nf3 e6 3. d4 cxd4 4. Nxd4 a6 5. Nc3 Qc7 6. Be2 Bb4 7. Qd3 Nf6 8.
O-O Bxc3 9. bxc3 d6 10. Qg3 O-O 11. Bh6 Ne8 12. Rad1 Nd7 13. f4 Kh8 14. Bg5 Nc5
15. Bd3 f6 16. e5 Nxd3 17. cxd3 fxg5 18. fxg5 Kg8 19. Rxf8+ Kxf8 20. Rf1+ Kg8
21. g6 hxg6 22. Qxg6 Qe7 23. Nf3 Qf7 24. Qg3 dxe5 25. Nxe5 Qh5 26. h3 b5 27.
Ng6 Nf6 28. Rxf6 gxf6 29. Ne7+ Kf7 0-1

[Event "Pere Noel"]
[Site "Montreal CAN"]
[Date "2014.12.27"]
[Round "2"]
[White "Chiku-Ratte, Olivier-Kenta"]
[Black "Giroux, Robert"]
[Result "1-0"]
[WhiteElo "2301"]
[BlackElo "1993"]
[PlyCount "93"]
[EventDate "2014.12.26"]
[EventType "swiss"]
[EventRounds "5"]
[EventCountry "CAN"]

1. d4 d6 2. c4 g6 3. e4 Bg7 4. Nc3 e5 5. Be3 exd4 6. Bxd4 Nf6 7. f3 Nc6 8. Be3
Be6 9. Qd2 Ne5 10. b3 O-O 11. O-O-O a5 12. Nge2 a4 13. Nd4 axb3 14. axb3 Ra1+
15. Kb2 Rxd1 16. Qxd1 Nc6 17. Be2 Nxd4 18. Bxd4 c6 19. g4 Qa5 20. Qa1 Qxa1+ 21.
Rxa1 Bc8 22. Rd1 Ne8 23. Bxg7 Kxg7 24. f4 f5 25. exf5 gxf5 26. g5 Be6 27. Bf3
Kf7 28. Ra1 Kg6 29. Ra8 h6 30. h4 hxg5 31. fxg5 Bf7 32. Ne2 f4 33. Nxf4+ Kf5
34. Nh5 Rh8 35. Nf6 Rxh4 36. Nxe8 Rh2+ 37. Ka3 Bg6 38. Nxd6+ Ke5 39. Nxb7 Bb1
40. Kb4 Rh3 41. Bxc6 Bc2 42. Nc5 Rg3 43. Be4 Bxe4 44. Re8+ Kf5 45. Rxe4 Rxg5
46. Re1 Rg3 47. Kb5 1-0

[Event "Pere Noel"]
[Site "Montreal CAN"]
[Date "2014.12.28"]
[Round "3"]
[White "Gauthier, Denis"]
[Black "Chiku-Ratte, Olivier-Kenta"]
[Result "0-1"]
[WhiteElo "1954"]
[BlackElo "2301"]
[PlyCount "58"]
[EventDate "2014.12.26"]
[EventType "swiss"]
[EventRounds "5"]
[EventCountry "CAN"]

1. d4 Nf6 2. Bg5 c5 3. Bxf6 gxf6 4. d5 Qb6 5. Qc1 Bh6 6. e3 d6 7. Bd3 Nd7 8.
Nf3 Ne5 9. Nbd2 Nxd3+ 10. cxd3 Bf5 11. Qc3 Qa6 12. e4 Bd7 13. O-O O-O 14. a4 f5
15. Nc4 Bg7 16. Qd2 fxe4 17. Nh4 e6 18. Qg5 h6 19. Qg3 exd5 20. Nxd6 Qxd3 21.
Qf4 Qd4 22. Nhf5 Qf6 23. Rad1 Bc6 24. Rfe1 Rad8 25. Re3 Kh7 26. Rg3 Rg8 27.
Nxe4 dxe4 28. Rxd8 Rxd8 29. Rxg7+ Qxg7 0-1